[Event "Sparkassen-Open B"]
[Site "Heusenstamm, Martinsee"]
[Date "2022.11.19"]
[Round "5.1"]
[White "Vranckx, Oscar"]
[Black "Sheng, Ming"]
[Result "1-0"]
[WhiteElo "1629"]
[BlackElo "1385"]
[PlyCount "75"]
[EventDate "2022.??.??"]
[WhiteTeam "Sfr.Mainz 1928"]
[BlackTeam "SC Rochade Saarlouis 1993"]

1. e4 c5 2. Nf3 e6 3. d4 cxd4 4. Nxd4 Nf6 5. Nc3 Nc6 6. Ndb5 Bc5 7. Nd6+ Bxd6
8. Qxd6 Qe7 9. Qd1 O-O 10. Bf4 e5 11. Bg5 h6 12. Nd5 Qc5 13. Bxf6 gxf6 14. Qg4+
Kh8 15. Qh4 Kh7 16. Nxf6+ Kg6 17. Nd5 Nb4 18. Ne7+ Kh7 19. Nf5 Qc6 20. Bd3 Qg6
21. O-O Rg8 22. g3 Qg5 23. Qh3 Nxd3 24. cxd3 d5 25. Kh1 Bxf5 26. exf5 Qg4 27.
Qg2 Rgd8 28. f4 f6 29. fxe5 fxe5 30. Rae1 Qd4 31. f6 Qxd3 32. Rxe5 Rd7 33. Qh3
Rad8 34. f7 Rf8 35. Re6 Qd2 36. Qf5+ Kh8 37. Qf6+ Kh7 38. Qg6+ 1-0

[Event "Sparkassen-Open B"]
[Site "Heusenstamm, Martinsee"]
[Date "2022.11.19"]
[Round "5.2"]
[White "Müller, Riyanna"]
[Black "Gold, Jan Christian"]
[Result "0-1"]
[WhiteElo "1475"]
[BlackElo "1564"]
[PlyCount "150"]
[EventDate "2022.??.??"]
[WhiteTeam "SC Landskrone"]
[BlackTeam "SK Bad Homburg 1927"]

1. e4 e6 2. d4 d5 3. e5 c5 4. c3 Nc6 5. Nf3 Qb6 6. a3 c4 7. Nbd2 Na5 8. Be2 Bd7
9. O-O Ne7 10. Ne1 Nc8 11. f4 g6 12. g4 Qc7 13. Ng2 Nb6 14. Ne3 O-O-O 15. Kh1
Be7 16. f5 gxf5 17. gxf5 Bg5 18. fxe6 Ba4 19. Qe1 Bxe3 20. Rxf7 Qc6 21. e7 Rdg8
22. Bg4+ Nd7 23. Bxd7+ Kxd7 24. Qxe3 Qg6 25. Qf2 Bc2 26. h4 Ke8 27. Rf6 Qd3 28.
Kh2 Bd1 29. Rd6 Qe2 30. Qxe2 Bxe2 31. Rxd5 Kxe7 32. Nf1 Bf3 33. Rxa5 Rg2+ 34.
Kh3 h6 35. Ng3 Rg8 36. Bf4 Rf2 37. Bg5+ hxg5 38. Nf5+ Ke6 39. Kg3 Rd2 40. Kxf3
Rf8 41. hxg5 Rxf5+ 42. Ke3 Rd3+ 43. Ke4 Rdf3 44. d5+ Ke7 45. Kd4 R5f4+ 46. Kc5
b6+ 47. Kc6 bxa5 48. Rg1 Rf7 49. Kc5 R3f5 50. e6 Rg7 51. Kxc4 Kd6 52. g6 Rxd5
53. e7 Rc5+ 54. Kb3 Kxe7 55. Ka4 Kf6 56. Rg3 Rxg6 57. Rf3+ Ke6 58. b4 axb4 59.
axb4 Rc4 60. Kb5 Rc7 61. Re3+ Kd7 62. c4 Rb6+ 63. Ka5 Rxc4 64. Re2 Rbxb4 65.
Rd2+ Rd4 66. Rg2 Ra4+ 67. Kb5 a6+ 68. Kc5 Rdc4+ 69. Kb6 Rg4 70. Rh2 Rg6+ 71.
Kc5 Ra5+ 72. Kb4 Rb5+ 73. Ka3 Rg3+ 74. Ka4 Rg1 75. Rd2+ Kc7 0-1

[Event "Sparkassen-Open B"]
[Site "Heusenstamm, Martinsee"]
[Date "2022.11.19"]
[Round "5.3"]
[White "Merz, Leander"]
[Black "Huck, Robert"]
[Result "0-1"]
[WhiteElo "1470"]
[BlackElo "1782"]
[PlyCount "72"]
[EventDate "2022.??.??"]
[WhiteTeam "Schachforum Darmstadt 1994"]
[BlackTeam "SC Königsspringer Alzenau"]

1. e4 e5 2. Nc3 Bc5 3. Bc4 Nf6 4. f4 d6 5. d3 Nc6 6. Nf3 Bg4 7. Ne2 Bxf3 8.
gxf3 Nh5 9. h4 Nxf4 10. Bxf4 exf4 11. d4 Bb6 12. c3 Qf6 13. Qd2 O-O-O 14. O-O-O
Na5 15. Bb3 Nxb3+ 16. axb3 Qe6 17. Kc2 f5 18. Nxf4 Qf7 19. Rh2 c6 20. Rg2 Rhf8
21. Rf1 Rde8 22. Qd3 Bd8 23. d5 fxe4 24. fxe4 cxd5 25. exd5 Bxh4 26. Qd4 Qf5+
27. Kc1 Bg5 28. Qc4+ Kb8 29. Rxg5 Qxg5 30. Kb1 Qf5+ 31. Ka2 Re4 32. Ne6 Qxf1
33. Qxe4 Qa6+ 34. Kb1 Rf1+ 35. Kc2 Qa1 36. Qc4 Qd1# 0-1

[Event "Sparkassen-Open B"]
[Site "Heusenstamm, Martinsee"]
[Date "2022.11.19"]
[Round "5.4"]
[White "Wu, Sifan"]
[Black "Billerbeck, Nick"]
[Result "1/2-1/2"]
[WhiteElo "1659"]
[BlackElo "1582"]
[PlyCount "78"]
[EventDate "2022.??.??"]
[WhiteTeam "SV Oberursel"]
[BlackTeam "SV Unterkochen"]

1. c4 e5 2. Nc3 Nf6 3. g3 d5 4. cxd5 Nxd5 5. Bg2 Nb6 6. a3 Nc6 7. Nf3 Be7 8.
O-O O-O 9. d3 Be6 10. b4 a6 11. Bb2 f5 12. e4 Bf6 13. exf5 Bxf5 14. Ne4 Bxe4
15. dxe4 Qxd1 16. Rfxd1 Na4 17. Rab1 Nxb2 18. Rxb2 Rad8 19. Rbd2 Rxd2 20. Rxd2
Rd8 21. Rxd8+ Nxd8 22. Bh3 b6 23. Bd7 Kf7 24. Ba4 Ke7 25. Kf1 Ne6 26. Bb3 c5
27. Ke2 Kd6 28. Kd3 Nc7 29. Nd2 b5 30. bxc5+ Kxc5 31. Kc3 Ne8 32. Bd5 Nd6 33.
Nb3+ Kb6 34. Nd2 g5 35. Nf1 Kc5 36. Ne3 Bg7 37. g4 h6 38. Nf5 Nxf5 39. gxf5 Bf6
1/2-1/2

[Event "Sparkassen-Open B"]
[Site "Heusenstamm, Martinsee"]
[Date "2022.11.19"]
[Round "5.5"]
[White "Bigott, Martin"]
[Black "Englert, Lin"]
[Result "1/2-1/2"]
[WhiteElo "1772"]
[BlackElo "1466"]
[PlyCount "97"]
[EventDate "2022.??.??"]
[WhiteTeam "SK Köln-Südwest"]
[BlackTeam "TV-Großostheim"]

1. d4 d5 2. c4 c6 3. Nc3 Nf6 4. Bg5 dxc4 5. Bxf6 exf6 6. e3 Be6 7. Nf3 Be7 8.
a4 O-O 9. Nd2 c5 10. Nxc4 cxd4 11. exd4 Bb4 12. Ne3 Qa5 13. Qd2 Rc8 14. d5 Bd7
15. Bc4 b5 16. Be2 Bxc3 17. bxc3 bxa4 18. c4 Qc5 19. O-O Na6 20. Nc2 Rab8 21.
Rfb1 Rxb1+ 22. Rxb1 Rb8 23. Rxb8+ Nxb8 24. Qb4 Qxb4 25. Nxb4 a5 26. Na2 Na6 27.
f4 Kf8 28. Kf2 Ke7 29. Ke3 Kd6 30. Kd4 Bf5 31. Nc3 Bc2 32. Nb5+ Kd7 33. c5 Nb4
34. c6+ Nxc6+ 35. dxc6+ Kxc6 36. Na3 Bb3 37. Bf3+ Kd6 38. Nc4+ Bxc4 39. Kxc4
Ke6 40. Kd4 g5 41. Bd5+ Kf5 42. fxg5 fxg5 43. Bxf7 Kf4 44. h3 Kg3 45. Bd5 h5
46. Ke3 a3 47. Ke2 a2 48. Bxa2 Kxg2 49. Be6 1/2-1/2

[Event "Sparkassen-Open B"]
[Site "Heusenstamm, Martinsee"]
[Date "2022.11.19"]
[Round "5.6"]
[White "Friedel, Thomas"]
[Black "Mandalka, Justus"]
[Result "1-0"]
[WhiteElo "1622"]
[BlackElo "1464"]
[PlyCount "87"]
[EventDate "2022.??.??"]
[WhiteTeam "SV Groß-Gerau"]
[BlackTeam "SK Bad Homburg 1927"]

1. Nf3 c5 2. e4 Nc6 3. Bb5 g6 4. O-O Bg7 5. d3 a6 6. Bxc6 bxc6 7. Nc3 d5 8. e5
e6 9. Na4 Qa5 10. b3 Ne7 11. Bd2 Qc7 12. Nxc5 Bxe5 13. Nxe5 Qxe5 14. Re1 Qd4
15. Na4 Qa7 16. Bc3 d4 17. Bb4 Qb8 18. Bc5 e5 19. Nb6 f6 20. Nxa8 Qxa8 21. f4
Qb8 22. fxe5 fxe5 23. Qe2 Nd5 24. Qxe5+ Qxe5 25. Rxe5+ Kd7 26. Bxd4 Rf8 27. c4
Nb4 28. Bc5 Nxd3 29. Rd1 Kc7 30. Bxf8 Nxe5 31. Bd6+ Kb6 32. Bxe5 Bf5 33. Rd2
Kc5 34. a3 h5 35. Bf4 Kb6 36. Kf2 a5 37. Bg5 a4 38. Bd8+ Kc5 39. Be7+ Kb6 40.
b4 Be6 41. Rd6 Bxc4 42. Rxg6 Bd5 43. g4 hxg4 44. Rxg4 1-0

[Event "Sparkassen-Open B"]
[Site "Heusenstamm, Martinsee"]
[Date "2022.11.19"]
[Round "5.7"]
[White "Althaus, Lennart"]
[Black "Burlutskaia, Maria"]
[Result "1-0"]
[WhiteElo "1600"]
[BlackElo "1522"]
[PlyCount "175"]
[EventDate "2022.??.??"]
[WhiteTeam "TV-Großostheim"]
[BlackTeam "SG Porz"]

1. c4 c5 2. Nc3 d6 3. g3 Nf6 4. Bg2 Nc6 5. e3 Bd7 6. Nge2 g6 7. d4 Bg7 8. O-O
O-O 9. b3 a6 10. Bb2 Qc7 11. Qd2 Rfd8 12. Rfd1 Qc8 13. Nf4 g5 14. Nfd5 Qb8 15.
Nxf6+ Bxf6 16. Nd5 cxd4 17. Nxf6+ exf6 18. exd4 Bf5 19. Bxc6 bxc6 20. d5 h6 21.
Bxf6 Re8 22. h4 cxd5 23. Qxd5 Be4 24. Qd2 Qc8 25. Kh2 Qf5 26. Bd4 Re6 27. Rg1
Rg6 28. g4 Qd7 29. hxg5 Rxg5 30. Be3 Rg6 31. Bxh6 Kh7 32. g5 Rh8 33. Rg3 f6 34.
f3 fxg5 35. Bxg5 Kg8+ 36. Kg2 Bc6 37. Re1 Qh7 38. Qf2 Qh2+ 39. Kf1 Qh5 40. Bh4
Rh7 41. Re7 Qf5 42. Rxh7 Kxh7 43. Kg2 Qh5 44. Kh2 Bd7 45. Rxg6 Kxg6 46. Qg3+
Kf5 47. Kg2 Bc6 48. Qh3+ Kg6 49. Qe6+ Kg7 50. Qf6+ Kh7 51. Qe7+ Kg8 52. Qd8+
Be8 53. Kg3 Qe5+ 54. Kg2 Qb2+ 55. Kh3 Qe5 56. Bg3 Qe6+ 57. Kg2 Qe2+ 58. Bf2 Qe5
59. Qh4 Qg7+ 60. Qg3 Bc6 61. Qxg7+ Kxg7 62. Kg3 Kf6 63. Kf4 Bb7 64. Bd4+ Ke6
65. Kg4 Bc6 66. f4 Be4 67. a3 Bf5+ 68. Kf3 Bc2 69. b4 Kf5 70. Ke3 Ba4 71. Bb6
Bd7 72. Bc7 Be6 73. Bxd6 Bxc4 74. Kd4 Bb5 75. Kc5 Ke6 76. Be5 Kd7 77. Kb6 Ke6
78. Ka5 Bd3 79. a4 Kd5 80. Kb6 Kc4 81. Bd6 Kd5 82. Be7 Ke6 83. Bf8 Kf7 84. Bh6
Kg6 85. Bg5 Kf5 86. b5 axb5 87. axb5 Ke6 88. Kc6 1-0

[Event "Sparkassen-Open B"]
[Site "Heusenstamm, Martinsee"]
[Date "2022.11.19"]
[Round "5.8"]
[White "Peng, Jay Jiaxi"]
[Black "Dubinker, Philipp"]
[Result "1/2-1/2"]
[WhiteElo "1612"]
[BlackElo "1614"]
[PlyCount "52"]
[EventDate "2022.??.??"]
[WhiteTeam "SV Oberursel"]
[BlackTeam "SK Marburg 1931/72"]

1. e4 e5 2. Bc4 Nf6 3. Nc3 Bc5 4. f4 d6 5. Nf3 Nc6 6. h3 h5 7. d3 Bd7 8. fxe5
dxe5 9. Ng5 Rf8 10. Rf1 Qe7 11. Bxf7+ Rxf7 12. Nxf7 Qxf7 13. Nd5 O-O-O 14. Bg5
Be7 15. g4 hxg4 16. hxg4 Qg6 17. Bxf6 gxf6 18. Qf3 Rf8 19. Rg1 Bc5 20. Rg2 Qg5
21. c3 Nd8 22. b4 Bd6 23. Qe3 Qxe3+ 24. Nxe3 Ne6 25. Kd2 Nf4 26. Rh2 Rg8
1/2-1/2

[Event "Sparkassen-Open B"]
[Site "Heusenstamm, Martinsee"]
[Date "2022.11.19"]
[Round "5.9"]
[White "Lee, Kwan Ho Matthew"]
[Black "Rödel, Jannis"]
[Result "1/2-1/2"]
[WhiteElo "1606"]
[BlackElo "1451"]
[PlyCount "57"]
[EventDate "2022.??.??"]
[WhiteTeam "SV Oberursel"]
[BlackTeam "SVG CAISSA Kassel"]

1. d4 Nf6 2. c4 e6 3. Nf3 c5 4. Nc3 cxd4 5. Nxd4 Nc6 6. Nxc6 bxc6 7. g3 d5 8.
Bg2 Bb7 9. Qa4 Qd7 10. Bg5 Be7 11. Rd1 Rd8 12. O-O O-O 13. b4 a6 14. Bxf6 Bxf6
15. Ne4 Be7 16. e3 Qc7 17. Nc5 Bxc5 18. bxc5 e5 19. cxd5 cxd5 20. Qb4 Rb8 21.
Qb6 Qxb6 22. cxb6 e4 23. Rb1 f5 24. Rfd1 Bc6 25. Bf1 a5 26. Rdc1 Rf6 27. Rc5 a4
28. Ra5 Rf7 29. Rc5 1/2-1/2

[Event "Sparkassen-Open B"]
[Site "Heusenstamm, Martinsee"]
[Date "2022.11.19"]
[Round "5.10"]
[White "Spelleken, Hans-Gerd"]
[Black "König, Frank"]
[Result "1/2-1/2"]
[WhiteElo "1678"]
[BlackElo "1615"]
[PlyCount "122"]
[EventDate "2022.??.??"]
[WhiteTeam "SC Kahl"]
[BlackTeam "SV Steinhausen"]

1. Nf3 g6 2. e4 Bg7 3. d4 d6 4. Bc4 e6 5. Bg5 Ne7 6. Qd2 h6 7. Bf4 a6 8. a4 b6
9. Nc3 Bb7 10. h4 Nd7 11. O-O-O Nf6 12. Qe2 d5 13. exd5 Nfxd5 14. Nxd5 Nxd5 15.
Be5 Bxe5 16. Nxe5 Qe7 17. Rhe1 Qxh4 18. g3 Qe7 19. Bd3 Kd8 20. Be4 Kc8 21. c4
Nb4 22. Bxb7+ Kxb7 23. Qf3+ Ka7 24. d5 Qg5+ 25. Kb1 Rh7 26. Nxf7 Qf5+ 27. Qxf5
exf5 28. Ne5 g5 29. Nc6+ Nxc6 30. dxc6 Rf8 31. Rd7 Rff7 32. Rd8 b5 33. a5 Re7
34. Rxe7 Rxe7 35. Rd7 Re1+ 36. Kc2 Kb8 37. Rd8+ Ka7 38. cxb5 axb5 39. Rd5 b4
40. Rc5 Ka6 41. Kd3 f4 42. g4 Rb1 43. b3 Rf1 44. Kc4 Rxf2 45. Kxb4 Re2 46. Rf5
Re6 47. Kc5 Kxa5 48. Rf7 Re5+ 49. Kd4 Rb5 50. Kc4 Kb6 51. b4 Re5 52. Rf6 f3 53.
Kd3 Rb5 54. Kc4 Re5 55. Kd4 Re2 56. Rxf3 Rg2 57. Kd5 Rxg4 58. Rf8 Ka7 59. Rc8
Rxb4 60. Rxc7+ Kb8 61. Rh7 Rb1 1/2-1/2

[Event "Sparkassen-Open B"]
[Site "Heusenstamm, Martinsee"]
[Date "2022.11.19"]
[Round "5.11"]
[White "Derr, Oleg"]
[Black "Wibmer, Michael"]
[Result "0-1"]
[WhiteElo "1497"]
[BlackElo "1670"]
[PlyCount "76"]
[EventDate "2022.??.??"]
[WhiteTeam "VSG 1880 Offenbach"]
[BlackTeam "SV Gifhorn"]

1. d4 d5 2. Nf3 Nf6 3. g3 Bf5 4. Bg2 e6 5. O-O Nbd7 6. c4 c6 7. Nc3 Be7 8. Re1
h6 9. Nd2 O-O 10. e4 dxe4 11. Ndxe4 Nxe4 12. Nxe4 Nf6 13. Bf4 Nxe4 14. Bxe4
Bxe4 15. Rxe4 Bf6 16. Be5 Bxe5 17. Rxe5 Qf6 18. Qe2 Rfd8 19. Rd1 Rd7 20. d5
Rad8 21. Qe4 Rd6 22. f4 g6 23. b3 Kg7 24. g4 cxd5 25. cxd5 Rxd5 26. Rf1 Qh4 27.
f5 Rd4 28. Qxb7 Qxg4+ 29. Kh1 Rd1 30. f6+ Kg8 31. Qa6 Qf3+ 32. Kg1 Qxf6 33.
Ree1 Rxe1 34. Rxe1 Qg5+ 35. Kh1 Rd7 36. Qb7 Qd5+ 37. Qxd5 Rxd5 38. Re4 Rd1+ 0-1

[Event "Sparkassen-Open B"]
[Site "Heusenstamm, Martinsee"]
[Date "2022.11.19"]
[Round "5.12"]
[White "Lasschuit, Rene"]
[Black "Fernandez Garcia, Alfonso Javier"]
[Result "1/2-1/2"]
[WhiteElo "1660"]
[BlackElo "1610"]
[PlyCount "72"]
[EventDate "2022.??.??"]
[WhiteTeam "SV Berolina Mitte"]
[BlackTeam "SV 1926 Neu-Isenburg"]

1. Nf3 Nf6 2. g3 g6 3. Bg2 Bg7 4. O-O O-O 5. d4 d6 6. c4 Nbd7 7. Nc3 e5 8. Qc2
exd4 9. Nxd4 Re8 10. Rd1 c6 11. Bf4 Ne5 12. c5 d5 13. e4 Qe7 14. exd5 Qxc5 15.
dxc6 Nxc6 16. Nxc6 bxc6 17. Bd6 Qc4 18. Qd2 Bd7 19. Qf4 Qe6 20. Bc5 Qe5 21.
Qxe5 Rxe5 22. Bd4 Re7 23. Re1 Rxe1+ 24. Rxe1 a6 25. Re7 Bf8 26. Re1 Ne8 27. Na4
Be6 28. b3 Bd5 29. Nc5 Nc7 30. Nd7 Bg7 31. Bxg7 Kxg7 32. Nc5 a5 33. Re7 Ne6 34.
Bxd5 Kf6 35. Rb7 cxd5 36. Nxe6 Kxe6 1/2-1/2

[Event "Sparkassen-Open B"]
[Site "Heusenstamm, Martinsee"]
[Date "2022.11.19"]
[Round "5.13"]
[White "Pichl, Christoph"]
[Black "Ghaznavi, Massoud"]
[Result "1-0"]
[WhiteElo "1643"]
[BlackElo "1594"]
[PlyCount "93"]
[EventDate "2022.??.??"]
[WhiteTeam "SK Bad Homburg 1927"]
[BlackTeam "SV Oberursel"]

1. d4 d5 2. c4 b6 3. Nc3 e6 4. a3 Be7 5. Nf3 Bd7 6. cxd5 exd5 7. Nxd5 Bc6 8.
Nxe7 Nxe7 9. Bf4 Nd5 10. Bg3 O-O 11. e3 Qe7 12. Bc4 Nf6 13. O-O Bd5 14. Rc1 c6
15. Qe2 Nbd7 16. Bxd5 cxd5 17. Rc7 Ne4 18. Ne5 Nxg3 19. hxg3 Rfd8 20. Qb5 a6
21. Rxd7 f6 22. Qxd5+ Kf8 23. Qxa8 Rxa8 24. Rxe7 Kxe7 25. Nc6+ Kd6 26. Nb4 a5
27. Nd3 g5 28. Rc1 Kd5 29. Kf1 Ra7 30. Ke2 h5 31. f3 g4 32. Nf4+ Kd6 33. Nxh5
gxf3+ 34. gxf3 f5 35. e4 Rh7 36. e5+ Ke6 37. Nf4+ Kd7 38. Ke3 Rh2 39. d5 Rxb2
40. e6+ Kd8 41. Rc3 b5 42. d6 b4 43. e7+ Kd7 44. axb4 axb4 45. Rc7+ Kxd6 46.
Ra7 Rb3+ 47. Nd3 1-0

[Event "Sparkassen-Open B"]
[Site "Heusenstamm, Martinsee"]
[Date "2022.11.19"]
[Round "5.14"]
[White "Füssel, Jan Michael"]
[Black "Schmid, Leon"]
[Result "1-0"]
[WhiteElo "1754"]
[BlackElo "1568"]
[PlyCount "79"]
[EventDate "2022.??.??"]
[WhiteTeam "VSG 1880 Offenbach"]
[BlackTeam "Sfr.Heidesheim"]

1. b3 Nf6 2. e3 g6 3. Bb2 Bg7 4. Nf3 O-O 5. Be2 c5 6. O-O d5 7. d4 cxd4 8. Bxd4
Nc6 9. Bb2 Bd7 10. Nbd2 e6 11. c4 Qe7 12. Ne5 Nxe5 13. Bxe5 dxc4 14. Nxc4 Ne8
15. Bf3 Bxe5 16. Nxe5 Nd6 17. Bxb7 Nxb7 18. Qxd7 Qxd7 19. Nxd7 Rfd8 20. Rfd1
Rac8 21. Kf1 Kg7 22. Rd2 Nc5 23. Rad1 Nxd7 24. Rxd7 Rxd7 25. Rxd7 Rc1+ 26. Ke2
Rc2+ 27. Rd2 Rc5 28. b4 Rb5 29. Rb2 Kf6 30. a4 Rb8 31. Kd3 Ke5 32. Kc4 Kd6 33.
Rd2+ Kc7 34. b5 Rc8 35. Kb4 f5 36. Ka5 Kb8 37. Ka6 e5 38. Rd7 Rc2 39. Rxa7 Ra2
40. Kb6 1-0

[Event "Sparkassen-Open B"]
[Site "Heusenstamm, Martinsee"]
[Date "2022.11.19"]
[Round "5.15"]
[White "Sitta, Stefan"]
[Black "Degenhardt, Andreas"]
[Result "0-1"]
[WhiteElo "1611"]
[BlackElo "1744"]
[PlyCount "56"]
[EventDate "2022.??.??"]
[WhiteTeam "Sfr Stiller Zug Wiesbaden"]
[BlackTeam "SC 1970 Lorsch"]

1. e4 c6 2. d4 d5 3. e5 c5 4. c3 e6 5. Nf3 Nc6 6. Bd3 cxd4 7. cxd4 Nge7 8. Nbd2
Nf5 9. Nb3 Be7 10. O-O O-O 11. Bd2 h6 12. Rc1 Bd7 13. Bc3 b6 14. h3 Nh4 15. Bb1
Nxf3+ 16. Qxf3 Bg5 17. Qd3 g6 18. f4 Be7 19. g4 f5 20. exf6 Rxf6 21. g5 hxg5
22. fxg5 Rf5 23. h4 Bxg5 24. hxg5 Qxg5+ 25. Kh2 Kg7 26. Qg3 Qh5+ 27. Qh3 Qe2+
28. Qg2 Rh8+ 0-1

[Event "Sparkassen-Open B"]
[Site "Heusenstamm, Martinsee"]
[Date "2022.11.19"]
[Round "5.16"]
[White "Steinke, Hans-Jörg"]
[Black "Gerhard, Dominik"]
[Result "0-1"]
[WhiteElo "1733"]
[BlackElo "1593"]
[PlyCount "58"]
[EventDate "2022.??.??"]
[WhiteTeam "SV Erkenschwick"]
[BlackTeam "SV Oberursel"]

1. d4 Nf6 2. c4 e6 3. Nf3 d5 4. Nc3 dxc4 5. Bg5 Bb4 6. e3 b5 7. Be2 c6 8. O-O
Bb7 9. a4 a6 10. axb5 cxb5 11. Na2 Be7 12. b3 cxb3 13. Qxb3 O-O 14. Ne5 Nbd7
15. f4 Ne4 16. Bxe7 Qxe7 17. Qb2 f5 18. Nb4 Nxe5 19. fxe5 Qg5 20. Rf4 Nd2 21.
g3 Nc4 22. Bxc4 bxc4 23. Qc3 Rfc8 24. Ra5 Qd8 25. Qa1 Qb6 26. Qa3 c3 27. Rf2
Rc4 28. Ra4 a5 29. Rc2 Rxb4 0-1

[Event "Sparkassen-Open B"]
[Site "Heusenstamm, Martinsee"]
[Date "2022.11.19"]
[Round "5.17"]
[White "Burow, Roger"]
[Black "Schulze, Fabian"]
[Result "1-0"]
[WhiteElo "1598"]
[BlackElo "1725"]
[PlyCount "77"]
[EventDate "2022.??.??"]
[WhiteTeam "SV 1920 Kelsterbach"]
[BlackTeam "SC Steinbach"]

1. Nf3 d5 2. g3 c6 3. Bg2 Bf5 4. d3 Nf6 5. Nbd2 Qc8 6. O-O Bh3 7. Re1 Bxg2 8.
Kxg2 Nbd7 9. e4 dxe4 10. Nxe4 e6 11. a3 Be7 12. Bf4 Nxe4 13. Rxe4 Nf6 14. Re2
h6 15. h4 Qd7 16. c4 Ng4 17. Qd2 O-O-O 18. Rd1 f6 19. d4 g5 20. Be3 Rdg8 21.
Rh1 Bd6 22. Ree1 Qg7 23. hxg5 hxg5 24. Rxh8 Rxh8 25. Kf1 Qh7 26. Ke2 Qh5 27.
Kd3 Qh3 28. Qe2 Qg2 29. Rg1 Qh3 30. c5 Bc7 31. Bd2 Qh7+ 32. Kc3 Qd7 33. Kc2 Rd8
34. Bc3 Qd5 35. Rh1 e5 36. Rh5 exd4 37. Nxd4 Ne5 38. f4 Qxc5 39. Ne6 1-0

[Event "Sparkassen-Open B"]
[Site "Heusenstamm, Martinsee"]
[Date "2022.11.19"]
[Round "5.18"]
[White "Englert, Fred"]
[Black "Rotärmel, Leonie"]
[Result "0-1"]
[WhiteElo "1713"]
[BlackElo "1579"]
[PlyCount "76"]
[EventDate "2022.??.??"]
[WhiteTeam "SK Klingenberg"]
[BlackTeam "SK Bad Homburg 1927"]

1. c4 Nf6 2. g3 g6 3. Bg2 e5 4. Nc3 Bg7 5. Nf3 Nc6 6. d4 exd4 7. Nxd4 Nxd4 8.
Qxd4 O-O 9. O-O d6 10. h3 Re8 11. Qd3 Nd7 12. f4 Nc5 13. Qc2 Bxc3 14. Qxc3 Rxe2
15. b3 Qe7 16. Bb2 Qe3+ 17. Qxe3 Rxe3 18. Rae1 Rxe1 19. Rxe1 Be6 20. Bd4 Rb8
21. Re3 b6 22. g4 Kf8 23. Bc6 Bd7 24. Bd5 Re8 25. Rf3 c6 26. b4 Nb7 27. Ra3
cxd5 28. Rxa7 Bc8 29. cxd5 b5 30. a4 bxa4 31. Rxa4 Re7 32. Ra8 Rc7 33. Kf2 Ke8
34. Ke3 Kd7 35. Ke4 Rc4 36. Ra4 Nc5+ 37. Ke3 Nxa4 38. Kd3 Rxb4 0-1

[Event "Sparkassen-Open B"]
[Site "Heusenstamm, Martinsee"]
[Date "2022.11.19"]
[Round "5.19"]
[White "Deboer, Alex"]
[Black "Bengsch, Norbert"]
[Result "0-1"]
[WhiteElo "1206"]
[BlackElo "1667"]
[PlyCount "100"]
[EventDate "2022.??.??"]
[WhiteTeam "SK Bickenbach"]
[BlackTeam "SG Donautal Tuttlingen"]

1. e4 c5 2. Nc3 e6 3. f4 Nc6 4. Nf3 d5 5. d3 dxe4 6. dxe4 Qxd1+ 7. Nxd1 Be7 8.
g3 Nf6 9. e5 Nd5 10. c3 b6 11. Bg2 Bb7 12. Ne3 Nxe3 13. Bxe3 O-O-O 14. O-O Rd3
15. Bf2 Rhd8 16. Rac1 Na5 17. Ne1 Bxg2 18. Kxg2 Rd2 19. Rc2 Nc4 20. Kg1 Rxc2
21. Nxc2 Rd2 22. Rc1 Nxb2 23. Ne1 Rd1 24. Rc2 Nd3 25. Kf1 Rc1 26. Ke2 Rxc2+ 27.
Nxc2 Nxf2 28. Kxf2 b5 29. Kf3 Kc7 30. g4 h6 31. Kg3 b4 32. Kf3 a5 33. c4 a4 34.
Na1 Bh4 35. Ke2 f6 36. exf6 Bxf6 37. Nc2 b3 38. axb3 axb3 39. Na3 Kb6 40. Kd3
Ka5 41. f5 exf5 42. gxf5 Kb4 43. Nb1 Bd4 44. h3 Bf6 45. Nd2 Ka3 46. Nb1+ Ka2
47. Nd2 Bg5 48. Ne4 Bf6 49. Nd2 Bh4 50. Ne4 Be1 0-1

[Event "Sparkassen-Open B"]
[Site "Heusenstamm, Martinsee"]
[Date "2022.11.19"]
[Round "5.20"]
[White "Papadopoulos, Leon"]
[Black "Mut, Friedrich"]
[Result "1-0"]
[WhiteElo "1399"]
[BlackElo "1678"]
[PlyCount "63"]
[EventDate "2022.??.??"]
[WhiteTeam "SV Oberursel"]
[BlackTeam "SC Sulzbach"]

1. e4 e5 2. Nf3 d6 3. d4 exd4 4. Nxd4 Nf6 5. Nc3 Be7 6. Bc4 Nbd7 7. Be3 Ne5 8.
Bb3 c6 9. f3 O-O 10. a3 Re8 11. Qd2 Nfd7 12. Nf5 Nf6 13. Nxe7+ Qxe7 14. O-O-O
d5 15. exd5 Nxf3 16. gxf3 Qxe3 17. Qxe3 Rxe3 18. d6 Rxf3 19. Rhe1 Bd7 20. Re7
Rf8 21. Ne4 Nxe4 22. Rxd7 Nc5 23. Re7 Nxb3+ 24. cxb3 Rd8 25. d7 Kf8 26. Rde1 f6
27. Re8+ Kf7 28. Rxd8 Rd3 29. Rd1 Rxd1+ 30. Kxd1 Ke7 31. Rg8 Kxd7 32. Rxg7+ 1-0

[Event "Sparkassen-Open B"]
[Site "Heusenstamm, Martinsee"]
[Date "2022.11.19"]
[Round "5.21"]
[White "Reitz, Helmut"]
[Black "Kosak, Karolina"]
[Result "1/2-1/2"]
[WhiteElo "1656"]
[BlackElo "1396"]
[PlyCount "95"]
[EventDate "2022.??.??"]
[WhiteTeam "SV Würzburg von 1865"]
[BlackTeam "SV Frankfurt Nord 1926"]

1. d4 d5 2. Nf3 Nf6 3. e3 e6 4. Bd3 Be7 5. Nbd2 Nbd7 6. O-O O-O 7. b3 b6 8. e4
dxe4 9. Nxe4 Bb7 10. Ng3 c5 11. Bb2 Rc8 12. Qe2 Qc7 13. Rfe1 Nd5 14. Qe4 N7f6
15. Qh4 Qf4 16. Qh3 Nb4 17. Ne5 Nxd3 18. Nxd3 Qg4 19. Qxg4 Nxg4 20. dxc5 Bxc5
21. Nxc5 Rxc5 22. c4 Rd8 23. Rad1 Rcc8 24. h3 Nf6 25. Bxf6 gxf6 26. Nh5 f5 27.
Rxd8+ Rxd8 28. Re2 Kf8 29. f3 Ke7 30. Rc2 Rd1+ 31. Kf2 Kd6 32. Ke2 Rd4 33. Ke3
e5 34. Nf6 h6 35. g4 f4+ 36. Ke2 e4 37. fxe4 Bxe4 38. Nxe4+ Rxe4+ 39. Kf3 Re3+
40. Kxf4 Rxh3 41. Rd2+ Kc6 42. Ke5 h5 43. gxh5 Rxh5+ 44. Kf6 Rh7 45. b4 Rh4 46.
Rc2 b5 47. cxb5+ Kxb5 48. a3 1/2-1/2

[Event "Sparkassen-Open B"]
[Site "Heusenstamm, Martinsee"]
[Date "2022.11.19"]
[Round "5.23"]
[White "Mohr, Alwin"]
[Black "Spelleken, Mark"]
[Result "1-0"]
[WhiteElo "1494"]
[BlackElo "1520"]
[PlyCount "79"]
[EventDate "2022.??.??"]
[WhiteTeam "SV Oberursel"]
[BlackTeam "SC Kahl"]

1. e4 c5 2. Nf3 Nc6 3. d4 cxd4 4. Nxd4 d6 5. Nc3 Nf6 6. f3 Bd7 7. Be3 a6 8. Be2
Qc7 9. Qd2 e6 10. a4 Be7 11. O-O-O Qa5 12. Nb3 Qc7 13. g4 h5 14. g5 Nh7 15. h4
Nf8 16. f4 g6 17. f5 exf5 18. Nd5 Qb8 19. Nb6 fxe4 20. Nxa8 Qxa8 21. Bf4 Ne5
22. Rhf1 Qc8 23. Bxe5 dxe5 24. Qa5 Be6 25. Nd2 e3 26. Ne4 Nd7 27. Rd3 b6 28.
Qc3 Nc5 29. Rxe3 Rf8 30. Qxe5 Nxa4 31. Nd6+ Bxd6 32. Qxd6 b5 33. Rf6 Nc5 34.
Bf3 Nd7 35. Bc6 Rh8 36. Rexe6+ fxe6 37. Rxe6+ Kd8 38. Re7 Qxc6 39. Qxc6 Kxe7
40. Qxg6 1-0

[Event "Sparkassen-Open B"]
[Site "Heusenstamm, Martinsee"]
[Date "2022.11.19"]
[Round "5.24"]
[White "Kessler, Georg"]
[Black "Mammadov, Kamal"]
[Result "0-1"]
[WhiteElo "1627"]
[BlackElo "1481"]
[PlyCount "120"]
[EventDate "2022.??.??"]
[WhiteTeam "SC Sulzbach-Rosenberg"]
[BlackTeam "SC Aschaffenburg"]

1. Nf3 Nf6 2. d4 g6 3. Nc3 d6 4. e4 Bg7 5. Bc4 O-O 6. O-O Nxe4 7. Nxe4 d5 8.
Ned2 dxc4 9. Nxc4 Bg4 10. Be3 Nc6 11. c3 Qd5 12. Ncd2 e5 13. h3 Bxf3 14. Qxf3
Qxf3 15. Nxf3 exd4 16. cxd4 Rad8 17. Rfd1 Nb4 18. Rac1 Nd5 19. Bd2 Rfe8 20. Re1
f6 21. Kf1 Kf7 22. Rxe8 Rxe8 23. Re1 Re6 24. Rxe6 Kxe6 25. Ke2 Bf8 26. a3 Bd6
27. g3 Nb6 28. Kd3 Kd5 29. Bc1 Nc4 30. Nd2 Nxd2 31. Bxd2 c5 32. dxc5 Bxc5 33.
f3 f5 34. g4 fxg4 35. fxg4 Bd4 36. b3 a6 37. a4 Ke5 38. Bg5 Bf2 39. Be3 Bxe3
40. Kxe3 a5 41. Kd3 Kf4 42. Kc4 Kg3 43. Kb5 Kxh3 44. Kxa5 Kxg4 45. Kb6 h5 46.
Kxb7 h4 47. a5 h3 48. a6 h2 49. a7 h1=Q+ 50. Kb8 Qh8+ 51. Kb7 Qg7+ 52. Kb8 Qg8+
53. Kc7 Qa8 54. Kb6 Kf5 55. Ka6 Ke5 56. b4 Qc8+ 57. Ka5 Qb7 58. b5 Kd5 59. b6
Kc4 60. a8=B Qxa8# 0-1